| 000 | 00668nam a2200241 a 4500 | ||
|---|---|---|---|
| 001 | 1371 | ||
| 003 | BR-CuiBMT | ||
| 005 | 20231206005625.0 | ||
| 008 | 231206s2012 mtba 000 0 por d | ||
| 020 | _a9788580090635 | ||
| 040 |
_aBR-CuiBMT _cBR-CuiBMT |
||
| 080 |
_22007 _a911.375 _x(817.2) |
||
| 090 |
_a911.375(817.2) _bR375c |
||
| 100 | 1 | _aReis, Rai | |
| 245 | 1 | 0 |
_aCuiabá : _btradição e modernidade / _cRai Reis. |
| 246 | 1 | 0 |
_aCuiabá : _btradition and modernity / |
| 260 |
_aCuiabá : _bCarlini & Caniato Editorial, _c2012. |
||
| 300 | _c24 cm | ||
| 650 |
_aCuiabá _vimagens |
||
| 650 |
_aCuiabá _vhistória |
||
| 650 | _aModernidade | ||
| 942 |
_2udc _cLV |
||
| 999 |
_c1371 _d1371 |
||